ARRUPE JESUIT UNIVERSITY

CORONAVIRUS -STOP THE SPREAD - CLEAN,DISINFECT,COVER
Normal view MARC view

Entry Topical Term

Number of records used in: 1

001 - CONTROL NUMBER

  • control field: 52572

003 - CONTROL NUMBER IDENTIFIER

  • control field: ARRUPE

005 - DATE AND TIME OF LATEST TRANSACTION

  • control field: 20240312113903.0

008 - FIXED-LENGTH DATA ELEMENTS

  • fixed length control field: 240312|| aca||aabn | a|a d

040 ## - CATALOGING SOURCE

  • Original cataloging agency: ARRUPE
  • Transcribing agency: ARRUPE

150 ## - HEADING--TOPICAL TERM

  • General subdivision: economic conditions,
  • Geographic subdivision: Europe,Eastern

670 ## - SOURCE DATA FOUND

  • Source citation: Work cat.: (ARRUPE)131842: Kaser,M.C, 52571, The econimic history of eastern Eorope 1919-1975;, 1986.

 

Arrupe Library. PO Box MP320 Mt Pleasant, Harare, Zimbabwe
263 242 745411|librarian@aju.ac.zw